| 000 | 00762nam a2200217Ia 4500 | ||
|---|---|---|---|
| 999 |
_c8689 _d8689 |
||
| 005 | 20230808105058.0 | ||
| 008 | 230725s9999 xx 000 0 und d | ||
| 020 | _a9786071512871 | ||
| 040 |
_aUPAN _cBiblioteca San Vicente _eRCAA2 |
||
| 041 | _aspa | ||
| 082 |
_a515.43 _bZ69m _c2015 |
||
| 100 |
_aZill, Dennis G. _4aut. |
||
| 245 | 0 |
_aMatematicas ll Calculo Integral/ _bDennis G. Zill |
|
| 250 | _a2º ed. | ||
| 260 |
_aMexico: _bMc Graw Hill, _c2015 |
||
| 300 |
_a259 p.: _c28 cm. |
||
| 505 | _aUnidad 1. Teorema fundamental del cálculo Unidad 2. Métodos de integración Unidad 3. Aplicaciones de la integral Unidad 4. Sucesiones y series | ||
| 650 |
_2LEMB _aCálculo integral _xMatemáticas |
||
| 700 |
_aWright Warren S. _4col. |
||
| 942 |
_cBK _2ddc |
||